El niño y su expresión plástica
保存先:
| 第一著者: | |
|---|---|
| フォーマット: | 図書 |
| 言語: | スペイン語 |
| 出版事項: |
Santiago
Universitaria
1972
|
| シリーズ: | Biblioteca Latinoamericana de Educación
|
| 主題: | |
| タグ: |
タグ追加
タグなし, このレコードへの初めてのタグを付けませんか!
|
MARC
| LEADER | 00000nam a2200000 a 4500 | ||
|---|---|---|---|
| 001 | UCW7805 | ||
| 003 | CL-VaPUC | ||
| 008 | 930906e19720000CL |||||||||||||||||spa|d | ||
| 082 | 0 | 4 | |a 372.52 |b MOR |2 21 |
| 100 | |a Morales Montt, Olga |e autora |9 313027 | ||
| 245 | 1 | 3 | |a El niño y su expresión plástica |
| 300 | |a 154 p | ||
| 942 | |c BK | ||
| 945 | |d 19930906 00:00:00 | ||
| 260 | |a Santiago |b Universitaria |c 1972 | ||
| 650 | 0 | |a Dibujo infantil |9 309390 | |
| 650 | 0 | |a Aptitud creadora |9 307292 | |
| 583 | |a last modification |c 19930906 00:00:00 |k Rodrigo Vera | ||
| 490 | 0 | |a Biblioteca Latinoamericana de Educación | |
| 999 | |c 220466 |d 220464 | ||
| 952 | |0 0 |1 0 |4 0 |6 372_520000000000000_MOR_1972 |7 0 |8 P |9 212723 |a BIBEDU |b BIBEDU |c BIBEDU_PB |d 2019-11-15 |i 2808900 |o 372.52 MOR 1972 |p 2808900 |r 2024-01-25 |w 2019-11-15 |y BK |k EDU | ||